| 000 | 01246nam a22003377a 4500 | ||
|---|---|---|---|
| 003 | CHAP | ||
| 005 | 20220817044042.0 | ||
| 008 | 051003d2005 it rn 00110 spa d | ||
| 010 | _a91035 | ||
| 011 | _a92007 | ||
| 020 | _a9252050582 | ||
| 035 | _a102570 | ||
| 040 | _cCHAP | ||
| 082 | 0 | 4 |
_a639.2 _bF46f v.753 |
| 110 | 0 | _aFAO | |
| 245 | 1 | 0 |
_aRapport de la consultation technique chargée d'examiner la situation en ce qui concerne les plans d'action internationaux sur la péche illicité, non déclarée et non reglementée et sur la gestion de la capacité de péche, et de promouvoir l'application intégrale de ces plans _c/par FAO |
| 260 |
_aRome : _bFAO, _c2004. |
||
| 300 | _a47 p. | ||
| 490 | 0 |
_aFAO. Informe de pesca _v; 753 |
|
| 590 |
_aBATCH-UPD _b10 _c20130110 _lUCH01 _h1045 |
||
| 590 |
_aBATCH-UPD _b10 _c20130410 _lUCH01 _h0643 |
||
| 590 |
_aBATCH-UPD _b10 _c20130914 _lUCH01 _h1349 |
||
| 590 |
_aCONVERSION _b10 _c20130109 _lUCH01 _h1350 |
||
| 650 | 1 | 4 |
_aPesca _xAdministración. _987353 |
| 650 | 1 | 4 |
_aPesca _xLeyes. _987396 |
| 830 | 0 |
_aFAO. Informe de pesca _v; 753 _939587 |
|
| 901 | _aBK | ||
| 905 | _aAlejandra Carrasco M. | ||
| 942 | _cLIBRO | ||
| 949 |
_a639.2 F46f v.753 _bBC _cFAO _d33724000970620 _eFAO1 _h107032 _i102570 _sb |
||
| 999 |
_c91035 _d91035 |
||